| 000 | 01355cam a2200337 a 4500 | ||
|---|---|---|---|
| 999 |
_c1626 _d1626 |
||
| 001 | 348915 | ||
| 003 | OSt | ||
| 005 | 20230116113129.0 | ||
| 008 | 160122s2015 nyua c 000 1 eng d | ||
| 020 |
_a9780448466934 _q(hbk.) : |
||
| 040 |
_aDLC _beng _erda _cDLC _dYDXCP _dBTCTA _dBDX _dNYP _dBGU _dHC _dKH8 |
||
| 042 | _anbic | ||
| 082 | 0 | _a813.6 MAR | |
| 100 | 1 |
_aMarcionette, Jake. _eaurthor |
|
| 245 | 1 | 0 |
_aDog eat dog _cby Jake Marcionette ; illustrated by Victor Rivas Villa. |
| 260 |
_aNew York _bGrosset & Dunlap, an imprint of Penguin Group (USA) LLC _c[2015] |
||
| 300 |
_a193 p. _bcol. ill. _c20 cm. |
||
| 490 | 0 |
_aJust Jake ; _v2. |
|
| 520 | _aSixth-grader Jake Ali Mathews is slowly settling in at his new school and has a new best friend, Michael, but a substitute teacher arrives who instructs by having her students help with a fledgling pet-grooming company, which strains his friendship and tests his growing popularity. | ||
| 521 | 1 | _aAges 8-12. | |
| 650 | 0 |
_aMiddle schools _vFiction. |
|
| 650 | 0 |
_aSchools _vFiction. |
|
| 650 | 0 |
_aPopularity _vFiction. |
|
| 650 | 0 |
_aFriendship _vFiction. |
|
| 650 | 0 |
_aSubstitute teachers _vFiction. |
|
| 650 | 0 |
_aPet grooming salons _vFiction. |
|
| 650 | 0 |
_aBrothers and sisters _vJuvenile fiction. |
|
| 650 | 0 | _aHumorous stories. | |
| 700 | 1 |
_aRivas, Victor. _eIllustrator |
|
| 942 |
_2ddc _cNFIC |
||